000 01780cam a22003494a 4500
001 14021871
005 20080729182714.0
008 050630s2006 maua 001 0 eng
010 _a2005018441
020 _a0321245741 (pbk.)
035 _a(OCoLC)ocm60798457
040 _aDLC
_cDLC
_dBAKER
_dC#P
_dDLC
042 _apcc
050 0 0 _aQA76.64
_b.S26 2006
082 0 0 _a005.133
_222
_bSAN
100 1 _aSanders, Kathryn E.
_926869
245 1 0 _aObject-Oriented Programming in Java :
_bA Graphical Approach /
_cKathryn E. Sanders, Andries van Dam.
250 _aPreliminary ed.
260 _aBoston :
_bPearson/Addison Wesley,
_cc2006.
300 _axxix, 609 p. :
_bill. ;
_c24 cm. +
_e1 CD-ROM (4 3/4 in.)
500 _aIncludes index.
650 0 _aObject-oriented programming (Computer science)
_926870
650 0 _aJava (Computer program language)
_926871
653 _bCS
_cAugust2011
700 1 _aVan Dam, Andries,
_d1938-
_926872
942 _2ddc
_cBB
999 _c15903
_d15903